Ukrajinky šokovali Nemky IX. Majstrovstvá Európy v hádzanej žien 7.-19. decembra 2010

Bibliographic Details
Format: Article
Language:Slovak
ISSN:0139-7001
Subjects:
Online Access:http://denniksport.sk/article/157031/ukrajinky-sokovali-nemky

MARC

LEADER 00000nab a2200000 ar4500
001 vtls010202607
003 SK-MaSNL
005 20260303093759.0
008 110111c20101211xo ||||||||||||00 b|slo
015 |a SNBRBL2011/01  |2 snkbucl 
038 |a SNKBUCL 
040 |a SNKBUCL  |b slo  |c SNKBUCL  |e AACR2 
041 0 |a slo 
044 |a xo  |c SK 
080 |a 796.322.093.1  |x (4)  |2 2001 
245 0 0 |a Ukrajinky šokovali Nemky  |b IX. Majstrovstvá Európy v hádzanej žien 7.-19. decembra 2010 
611 2 7 |a Majstrovstvá Európy v hádzanej žien  |d (2010 :  |c Nórsko)  |2 snkbucl  |9 1100206 
611 2 7 |a Majstrovstvá Európy v hádzanej žien  |d (2010 :  |c Dánsko)  |2 snkbucl  |9 1100207 
650 0 7 |a hádzaná  |2 snkbucl  |9 3292 
650 0 7 |a ženy  |2 snkbucl  |9 4865 
773 0 |t Šport  |g Roč. 64, č. 285 (11.12.2010), s. 38  |x 0139-7001 
852 |a SNK  |b KIS3GCP 
856 4 1 |u http://denniksport.sk/article/157031/ukrajinky-sokovali-nemky 
999 |c 1817136  |d 1819066